Mixed Word: Common Bond LXXXVIII Quiz Stats

 Plays Quiz Updated Oct 14, 2016

Challenge
Share
Tweet
Embed
Score 0/22 Timer 04:00
0 Plays Today
Mixed Word Answer % Correct
LAIMMAIL
99.5%
OCCLKCLOCK
98.7%
TOCKSSSTOCKS
95.6%
NOPHEPHONE
95.6%
STOPHOPHOTOS
90.3%
DOPIIPOD
87.9%
STONENOTES
86.4%
MAGE RENTECGAME CENTER
85.2%
RAMCEACAMERA
82.4%
PAP ROTESAPP STORE
80.2%
Common Theme:iPhone stock apps
77.7%
Mixed Word Answer % Correct
RASAFISAFARI
76.7%
RETHAWEWEATHER
75.7%
CRLULACATOCALCULATOR
67.1%
SAGESMESMESSAGES
59.3%
COVIE OSEMMVOICE MEMOS
55.1%
LEDNARCACALENDAR
53.9%
BETUUYOYOUTUBE
53.3%
TONSACCTCONTACTS
45.1%
TESSTINGSETTINGS
40.1%
SMACOPSCOMPASS
37.8%
STINEUITUNES
35.7%

You're not logged in!

Compare scores with friends on all Sporcle quizzes.
OR
Log In

You Might Also Like...

Show Comments

Extras

Top Quizzes Today


Score Distribution

Your Account Isn't Verified!

In order to create a playlist on Sporcle, you need to verify the email address you used during registration. Go to your Sporcle Settings to finish the process.

Report this User

Report this user for behavior that violates our Community Guidelines.

Details: